Suicidal behaviour (Record no. 481360)

MARC details
000 -LEADER
fixed length control field 01435cam a2200373 a 4500
001 - CONTROL NUMBER
control field EDZ0000062103
003 - CONTROL NUMBER IDENTIFIER
control field StDuBDS
005 - DATE AND TIME OF LATEST TRANSACTION
control field 20161031105206.0
006 - FIXED-LENGTH DATA ELEMENTS--ADDITIONAL MATERIAL CHARACTERISTICS--GENERAL INFORMATION
fixed length control field m||||||||d||||||||
007 - PHYSICAL DESCRIPTION FIXED FIELD--GENERAL INFORMATION
fixed length control field cr |||||||||||
008 - FIXED-LENGTH DATA ELEMENTS--GENERAL INFORMATION
fixed length control field 120307s2010 ii a fo| 001|0|eng d
020 ## - INTERNATIONAL STANDARD BOOK NUMBER
International Standard Book Number 9788132107972 (ebook) :
Terms of availability No price
040 ## - CATALOGING SOURCE
Original cataloging agency StDuBDS
Language of cataloging eng
Transcribing agency StDuBDS
Description conventions pn
049 ## - LOCAL HOLDINGS (OCLC)
Holding library Alfaisal Main Library
050 #0 - LIBRARY OF CONGRESS CALL NUMBER
Classification number RC569
Item number .S865 2010
082 04 - DEWEY DECIMAL CLASSIFICATION NUMBER
Classification number 616.858445
Edition number 23
245 00 - TITLE STATEMENT
Title Suicidal behaviour
Medium [electronic resource] :
Remainder of title assessment of people-at-risk /
Statement of responsibility, etc edited by Updesh Kumar, Manas K. Mandal.
260 ## - PUBLICATION, DISTRIBUTION, ETC. (IMPRINT)
Place of publication, distribution, etc Delhi ;
-- London :
Name of publisher, distributor, etc SAGE,
Date of publication, distribution, etc 2010.
300 ## - PHYSICAL DESCRIPTION
Extent 1 online resource (xxv, 378 p.) :
Other physical details ill.
500 ## - GENERAL NOTE
General note Includes index.
520 8# - SUMMARY, ETC.
Summary, etc 'Suicidal Behaviour' provides a psychometric analysis of various aspects associated with suicidal risk assessment to understand the suicidal personality and predict suicidal behavior.
521 ## - TARGET AUDIENCE NOTE
Target audience note Specialized.
588 ## -
-- Description based on print version record.
650 #0 - SUBJECT ADDED ENTRY--TOPICAL TERM
Topical term or geographic name as entry element Suicidal behavior.
650 #0 - SUBJECT ADDED ENTRY--TOPICAL TERM
Topical term or geographic name as entry element Suicidal behavior
General subdivision Risk factors
-- Testing.
650 #0 - SUBJECT ADDED ENTRY--TOPICAL TERM
Topical term or geographic name as entry element Suicide
General subdivision Prevention.
655 #7 - INDEX TERM--GENRE/FORM
Genre/form data or focus term Electronic books.
Source of term local
700 1# - ADDED ENTRY--PERSONAL NAME
Personal name Kumar, Updesh.
700 1# - ADDED ENTRY--PERSONAL NAME
Personal name Mandal, Manas K.
710 2# - ADDED ENTRY--CORPORATE NAME
Corporate name or jurisdiction name as entry element Sage eBooks
776 08 - ADDITIONAL PHYSICAL FORM ENTRY
Display text Print version :
International Standard Book Number 9788132102991
856 40 - ELECTRONIC LOCATION AND ACCESS
Uniform Resource Identifier <a href="http://ezproxy.alfaisal.edu/login?url=http://sk.sagepub.com/books/suicidal-behaviour">http://ezproxy.alfaisal.edu/login?url=http://sk.sagepub.com/books/suicidal-behaviour</a>
942 ## - ADDED ENTRY ELEMENTS (KOHA)
Source of classification or shelving scheme Library of Congress Classification
Koha item type eBooks

No items available.

Copyright © 2020 Alfaisal University Library. All Rights Reserved.
Tel: +966 11 2158948 Fax: +966 11 2157910 Email:
librarian@alfaisal.edu